000 01392nam a2200253 i 4500
001 161288
003 ES-MaACL
005 20250830062232.0
008 931025s1762 sp a |||| | spa d
100 1 _aPalafox y Mendoza, Juan de,
_d1600-1659
_9239354
245 1 0 _aObras del ilustrissimo, excelentissimo y venerable siervo de Dios, Don Juan de Palafox y Mendoza... Obispo de la Puebla de los Angeles y de Osma... :
_btomo III : parte I : direcciones para los señores Obispos, y cartas Pastorales al clero, y fieles de los obispados de la Puebla, y de Osma...
260 _aEn Madrid :
_ben la Imprenta de Don Gabriel Ramirez ...,
_c1762.
300 _a[8], 536 p. :
_bil. ;
_cFol.
530 _aDisponible en formato digital.
597 _aSign.: a4, A-Z4, 2A-2Z4, 3A-3X4.
599 _aPort. con grab. calc. : "B\pte\s f." que reprenta al Buen Pastor.
599 _aGrab. calc. p.114: "Is. Minguet delt. et sculp" y p.386:"Nemesio"
650 7 _aTeología pastoral
_2embne
_917472
700 1 _aRamírez, Gabriel.
_9131598
852 4 _aES-MaACL
_jR-2008
_z- Enc. piel original de la época
856 4 _uhttps://bvpb.mcu.es/es/consulta/registro.do?id=437335
_zBiblioteca Virtual del Patrimonio Bibliográfico
856 _uhttps://bibliotecadigital.jcyl.es/es/consulta/registro.do?id=7215
_zBiblioteca Digital de Castilla y León
999 _c161288
_d161288